000 00953nam0a22003011 4500
001 v19\rc\1626223
005 20250618232009.0
035 _a(NLR Aleph) 004742637
090 _a4500205
_c4500205
100 _a20061002d1899 |||y0rusy50 ca
101 0 _arus
102 _aRU
105 _ay z |||||
200 1 _aСиротка Маша
_eСказка В. Изергина
205 _a[2-е изд.]
210 _aМосква
_cО-во распространения полез. кн.
_d1899
215 _a24 с.
_d17
225 1 _aРусские сказки
300 _aНа тит. л. номер изд.: № 799
300 _aС 3-го изд. указание на сер. отсутствует
700 1 _aИзергин
_bВ.
_gВасилий
801 0 _aRU
_bNLR
_gpsbo
801 0 _aRU
_bRuMoRGB
_2psbo
801 1 _aRU
_bProSoft-M
_2rusmarc
852 _aNLR
_j20.62.7.79
899 _aRuMoRGB
_jМК
942 _cBOOK
980 _aNB